000 00542nam a2200181Ia 4500
008 100920s9999 xx 000 0 und d
082 _b75045
_a24 थ 99
100 _a---
245 _aमहर्षी अरविंद.
260 _bअनुबंध प्रकाशन, पुणे 43.
_c1999
300 _a31
_bसाधी
365 _b16
520 _aसायो.
630 _aमहर्षी अरविंद.
650 _aसायो.
730 _aमहर्षी अरविंद.
942 _cBOOK
999 _c716587
_d716584